[Event "2. BUNDESLIGA MITTE 2014/2015"]
[Site "St. Veit"]
[Date "2015.02.28"]
[Round "7"]
[Board "5"]
[White "Fabisch, Christian"]
[Black "Mayerhofer, Peter"]
[Result "1/2-1/2"]
[WhiteElo "2072"]
[BlackElo "2190"]
[PlyCount "60"]
[EventDate "2014.10.03"]
[EventType "team"]
[EventRounds "11"]
[EventCountry "AUT"]
[WhiteTeam "Spg.Sparkasse Fuerstenfeld/Hartberg"]
[BlackTeam "Union Hartkirchen - Sektion Schach"]

1. e4 c5 2. Nc3 e6 3. g3 d5 4. Bg2 Nf6 5. Qe2 dxe4 6. Nxe4 Nxe4 7. Qxe4 Nd7 8.
Nf3 Nf6 9. Qe2 Be7 10. O-O O-O 11. Rd1 Qc7 12. d4 h6 13. Bf4 Qb6 14. c4 cxd4
15. Nxd4 a6 16. Nb3 Bd7 17. c5 Qa7 18. Rac1 Bb5 19. Qe5 Rac8 20. Qe3 Bc6 21.
Bd6 Bxd6 22. Rxd6 Bxg2 23. Kxg2 Rfd8 24. Qe5 Rxd6 25. Qxd6 Qa8 26. Kg1 Rd8 27.
Qc7 Rd7 28. Qe5 Qd8 29. Qe2 Rd5 30. Qc4 Rd1+ 1/2-1/2

[Event "2. BUNDESLIGA MITTE 2014/2015"]
[Site "St. Veit"]
[Date "2015.02.28"]
[Round "7"]
[Board "6"]
[White "Kleibel, Uwe"]
[Black "Posch, Siegfried"]
[Result "1/2-1/2"]
[WhiteElo "2210"]
[BlackElo "2007"]
[PlyCount "125"]
[EventDate "2014.10.03"]
[EventType "team"]
[EventRounds "11"]
[EventCountry "AUT"]
[WhiteTeam "Union Hartkirchen - Sektion Schach"]
[BlackTeam "Spg.Sparkasse Fuerstenfeld/Hartberg"]

1. e4 c5 2. Nf3 Nc6 3. Bb5 g6 4. Bxc6 dxc6 5. d3 Bg7 6. Nc3 Nf6 7. O-O O-O 8.
h3 Qc7 9. Be3 b6 10. Qd2 Ba6 11. Bf4 Qb7 12. Qe2 Rfd8 13. Rfe1 Rac8 14. a4 Nh5
15. Bh2 Qd7 16. e5 Bh6 17. e6 Qxe6 18. Qxe6 fxe6 19. Rxe6 Bf8 20. a5 Ng7 21.
Ree1 b5 22. Ne4 Rd5 23. Nc3 Rdd8 24. Re5 b4 25. Ne4 c4 26. d4 Rd5 27. Nc5 Bb5
28. Rae1 Nf5 29. c3 bxc3 30. bxc3 Rcd8 31. g4 Ng7 32. Bg3 Rxe5 33. Rxe5 Rd5 34.
Re1 h5 35. Bh4 hxg4 36. hxg4 e5 37. Rxe5 Bd6 38. Rxd5 cxd5 39. Ne5 Kh7 40. Ncd7
Bxe5 41. Nxe5 Ne6 42. Be7 Kg7 43. Kf1 Nf4 44. Ke1 Nd3+ 45. Ke2 a6 46. Ke3 Ba4
47. Nxd3 cxd3 48. Kxd3 Bb5+ 49. Ke3 Kf7 50. Bd8 Ke6 51. Kf4 Bd3 52. Kg5 Kf7 53.
f4 Ke6 54. Bf6 Be4 55. Be5 Bd3 56. Kh6 Kf7 57. Kg5 Ke6 58. Kh4 Be4 59. Kg3 Bd3
60. Kf2 Bc4 61. Ke3 Bf1 62. Kd2 Bh3 63. f5+ 1/2-1/2

[Event "2. BUNDESLIGA MITTE 2014/2015"]
[Site "St. Veit"]
[Date "2015.03.01"]
[Round "8"]
[Board "1"]
[White "Huber, Martin Christian"]
[Black "Nemeth, Miklos"]
[Result "0-1"]
[WhiteElo "2241"]
[BlackElo "2472"]
[PlyCount "80"]
[EventDate "2014.10.03"]
[EventType "team"]
[EventRounds "11"]
[EventCountry "AUT"]
[WhiteTeam "Schachfreunde Graz"]
[BlackTeam "SV Steyregg"]

1. Nf3 Nf6 2. c4 e6 3. Nc3 d5 4. d4 Be7 5. Bf4 O-O 6. e3 b6 7. Rc1 c5 8. dxc5
bxc5 9. Be2 Bb7 10. O-O Nbd7 11. cxd5 exd5 12. Qb3 Qb6 13. Rfd1 h6 14. Nh4 Rfd8
15. Nf5 Bf8 16. Bf3 Qxb3 17. axb3 Nb6 18. g4 Rd7 19. Nb5 Ne8 20. Rd2 Kh7 21. h4
a5 22. Rcd1 g6 23. Ng3 Bg7 24. Rc1 c4 25. Bd1 cxb3 26. Bxb3 a4 27. Ba2 Ba6 28.
Rc6 Rb7 29. Nc3 Bc4 30. Bxc4 Nxc4 31. Rxd5 Bxc3 32. Rxc4 Bxb2 33. Ne2 a3 34.
Nc1 a2 35. Nxa2 Rxa2 36. Rd8 Ng7 37. g5 Ne6 38. Rd5 Bg7 39. Be5 Bxe5 40. Rxe5
Rb1+ 0-1

[Event "2. BUNDESLIGA MITTE 2014/2015"]
[Site "St. Veit"]
[Date "2015.03.01"]
[Round "8"]
[Board "2"]
[White "Velicka, Petr"]
[Black "Schnider, Gert"]
[Result "1/2-1/2"]
[WhiteElo "2412"]
[BlackElo "2338"]
[PlyCount "60"]
[EventDate "2014.10.03"]
[EventType "team"]
[EventRounds "11"]
[EventCountry "AUT"]
[WhiteTeam "SV Steyregg"]
[BlackTeam "Schachfreunde Graz"]

1. e4 e5 2. Nf3 Nc6 3. Bc4 Bc5 4. c3 Nf6 5. d3 O-O 6. O-O d5 7. exd5 Nxd5 8.
Re1 Bg4 9. Nbd2 Bb6 10. h3 Bh5 11. Bb5 f6 12. Bxc6 bxc6 13. Ne4 c5 14. Ng3 Bf7
15. Qc2 Qd7 16. Bd2 Rad8 17. Rad1 Rfe8 18. Bc1 Kh8 19. a3 Qc6 20. c4 Ne7 21. b4
Rd7 22. b5 Qa8 23. Nd2 c6 24. a4 cxb5 25. axb5 a6 26. bxa6 Qxa6 27. Bb2 Red8
28. Nb3 Nc6 29. Bc3 Nb4 30. Bxb4 cxb4 1/2-1/2

[Event "2. BUNDESLIGA MITTE 2014/2015"]
[Site "St. Veit"]
[Date "2015.03.01"]
[Round "8"]
[Board "3"]
[White "Jusic, Zdenko"]
[Black "Enoeckl, Philipp"]
[Result "1-0"]
[WhiteElo "2283"]
[BlackElo "2349"]
[PlyCount "72"]
[EventDate "2014.10.03"]
[EventType "team"]
[EventRounds "11"]
[EventCountry "AUT"]
[WhiteTeam "Schachfreunde Graz"]
[BlackTeam "SV Steyregg"]

1. e4 e6 2. d4 d5 3. Nd2 Nf6 4. e5 Nfd7 5. f4 c5 6. Ngf3 Nc6 7. Bd3 cxd4 8. O-O
Qb6 9. Nb3 Nc5 10. Nxc5 Bxc5 11. a3 a5 12. b3 Bd7 13. Ng5 g6 14. Qg4 Ne7 15.
Bd2 Nf5 16. b4 Be7 17. bxa5 Qc7 18. Qe2 Ne3 19. Rf3 Kf8 20. Rh3 Kg7 21. Nf3 f5
22. exf6+ Bxf6 23. Ne5 Ba4 24. Rb1 Rab8 25. Rg3 Nf5 26. Rf3 Rhc8 27. Ng4 Qe7
28. Bb4 Qf7 29. Rh3 Rc6 30. Ne5 Qc7 31. Nxc6 bxc6 32. g4 Ne3 33. g5 Bd8 34.
Rxh7+ Kxh7 35. Qh5+ Kg8 36. Qxg6+ Kh8 1-0

[Event "2. BUNDESLIGA MITTE 2014/2015"]
[Site "St. Veit"]
[Date "2015.03.01"]
[Round "8"]
[Board "4"]
[White "Kirschner, Alexander"]
[Black "Kravanja, Georg"]
[Result "1/2-1/2"]
[WhiteElo "2224"]
[BlackElo "2221"]
[PlyCount "59"]
[EventDate "2014.10.03"]
[EventType "team"]
[EventRounds "11"]
[EventCountry "AUT"]
[WhiteTeam "SV Steyregg"]
[BlackTeam "Schachfreunde Graz"]

1. c4 c6 2. Nf3 d5 3. g3 Nf6 4. Bg2 Bg4 5. Ne5 Bf5 6. cxd5 cxd5 7. Nc3 e6 8. g4
Bg6 9. Qa4+ Nbd7 10. h4 Bd6 11. Nxd7 Qxd7 12. Qxd7+ Kxd7 13. h5 Bc2 14. g5 Ne4
15. d3 Nxc3 16. bxc3 Ba4 17. Be3 Bc6 18. f4 b5 19. h6 g6 20. O-O a5 21. a3 Rhb8
22. Bf3 Rb7 23. Kf2 Rab8 24. Rfb1 b4 25. axb4 axb4 26. cxb4 Bxb4 27. Bd4 Bd6
28. Rxb7+ Rxb7 29. Be3 Rb4 30. Ra7+ 1/2-1/2

[Event "2. BUNDESLIGA MITTE 2014/2015"]
[Site "St. Veit"]
[Date "2015.03.01"]
[Round "8"]
[Board "5"]
[White "Domarkaite, Laima"]
[Black "Wiesinger, Robert"]
[Result "1-0"]
[WhiteElo "2129"]
[BlackElo "2191"]
[PlyCount "49"]
[EventDate "2014.10.03"]
[EventType "team"]
[EventRounds "11"]
[EventCountry "AUT"]
[WhiteTeam "Schachfreunde Graz"]
[BlackTeam "SV Steyregg"]

1. e4 e5 2. Nf3 Nc6 3. Bc4 Bc5 4. c3 Nf6 5. d3 O-O 6. O-O d5 7. exd5 Nxd5 8.
Re1 Bg4 9. Nbd2 Nb6 10. b4 Bd6 11. Bb3 Kh8 12. h3 Bh5 13. Ne4 Bg6 14. a4 Ne7
15. Nh4 a5 16. Nxg6+ Nxg6 17. Ng5 Qf6 18. Qg4 axb4 19. Nxh7 Qh4 20. Qxh4 Nxh4
21. Nxf8 Rxf8 22. a5 Nd7 23. cxb4 Bxb4 24. Re4 Be7 25. Ba3 1-0

[Event "2. BUNDESLIGA MITTE 2014/2015"]
[Site "St. Veit"]
[Date "2015.03.01"]
[Round "8"]
[Board "6"]
[White "Leichtfried, Hans-Martin"]
[Black "Kastner, Walter"]
[Result "1/2-1/2"]
[WhiteElo "2096"]
[BlackElo "2230"]
[PlyCount "92"]
[EventDate "2014.10.03"]
[EventType "team"]
[EventRounds "11"]
[EventCountry "AUT"]
[WhiteTeam "SV Steyregg"]
[BlackTeam "Schachfreunde Graz"]

1. d4 Nf6 2. Nf3 d5 3. c4 dxc4 4. e3 Bg4 5. Bxc4 e6 6. O-O Nbd7 7. h3 Bh5 8.
Nc3 Bb4 9. a3 Bxc3 10. bxc3 O-O 11. Be2 c5 12. a4 Qc7 13. Nh4 Bxe2 14. Qxe2
Rac8 15. Bb2 cxd4 16. cxd4 Qc2 17. Rfe1 Qxe2 18. Rxe2 Rc4 19. Nf3 Rfc8 20. Ne5
Nxe5 21. dxe5 Nd5 22. Bd4 a5 23. Rb2 Rb4 24. Rxb4 axb4 25. a5 Rc6 26. Rb1 Rc5
27. Kf1 h5 28. h4 Kh7 29. Rb2 Ne7 30. Ke2 Nc6 31. Kd3 Rc1 32. g3 Ra1 33. Bb6
Nxe5+ 34. Kc2 Nc6 35. Kb3 Ra3+ 36. Kc4 Rc3+ 37. Kb5 e5 38. Bc5 b3 39. a6 bxa6+
40. Kxc6 Kg6 41. Kd5 a5 42. e4 f6 43. Bb6 a4 44. Bc5 Rc1 45. Bb4 Kf7 46. Bc5
Kg6 1/2-1/2

[Event "2. BUNDESLIGA MITTE 2014/2015"]
[Site "St. Veit"]
[Date "2015.03.01"]
[Round "8"]
[Board "1"]
[White "Schachinger, Mario"]
[Black "Schmidt, Peter"]
[Result "1/2-1/2"]
[WhiteElo "2414"]
[BlackElo "2388"]
[PlyCount "120"]
[EventDate "2014.10.03"]
[EventType "team"]
[EventRounds "11"]
[EventCountry "AUT"]
[WhiteTeam "SC MPOE Maria Saal II"]
[BlackTeam "Spg. Sauwald"]

1. d4 Nf6 2. c4 c5 3. d5 b5 4. cxb5 a6 5. bxa6 g6 6. Nc3 Bg7 7. e4 O-O 8. Nf3
Qa5 9. Bd2 Bxa6 10. Be2 d6 11. O-O Bxe2 12. Qxe2 Qa6 13. Rfe1 Qxe2 14. Rxe2
Nbd7 15. Rd1 Rfb8 16. Bc1 Ng4 17. h3 Nge5 18. Nxe5 Nxe5 19. Bf4 Rb4 20. Bxe5
Bxe5 21. Rc1 Bxc3 22. bxc3 Rc4 23. f3 Ra3 24. Rec2 f5 25. exf5 gxf5 26. g3 Kf7
27. Kf2 f4 28. g4 Rca4 29. Ra1 Rc4 30. h4 Ke8 31. Kg2 Raxc3 32. Rxc3 Rxc3 33.
a4 Rb3 34. a5 Rb7 35. a6 Ra7 36. Ra4 e5 37. dxe6 Ke7 38. Rxf4 Kxe6 39. Ra4 d5
40. Ra5 d4 41. Rxc5 Rxa6 42. f4 d3 43. f5+ Kd6 44. Rc3 Ke5 45. Rxd3 h5 46. Kf3
Kf6 47. Rd4 Ra5 48. Kf4 hxg4 49. Rd6+ Ke7 50. Re6+ Kf7 51. Kg5 g3 52. Re2 Ra8
53. Rg2 Rg8+ 54. Kf4 Kf6 55. h5 Rg5 56. h6 Rxf5+ 57. Kxg3 Rg5+ 58. Kh3 Rxg2 59.
Kxg2 Kg6 60. h7 Kxh7 1/2-1/2

[Event "2. BUNDESLIGA MITTE 2014/2015"]
[Site "St. Veit"]
[Date "2015.03.01"]
[Round "8"]
[Board "2"]
[White "Renner, Christoph"]
[Black "Tratar, Marko"]
[Result "0-1"]
[WhiteElo "2351"]
[BlackElo "2471"]
[PlyCount "102"]
[EventDate "2014.10.03"]
[EventType "team"]
[EventRounds "11"]
[EventCountry "AUT"]
[WhiteTeam "Spg. Sauwald"]
[BlackTeam "SC MPOE Maria Saal II"]

1. d4 Nf6 2. Bf4 g6 3. e3 Bg7 4. Nf3 d6 5. c3 O-O 6. Bc4 Nc6 7. O-O Nd7 8. h3
e5 9. Bh2 Qe7 10. Re1 e4 11. Nfd2 Kh8 12. Bf1 f5 13. c4 Nf6 14. Nc3 Qf7 15. Rc1
g5 16. d5 Ne5 17. c5 Nxd5 18. Nxd5 Qxd5 19. cxd6 Qxd6 20. Nc4 Qe7 21. Qh5 Nc6
22. a3 a5 23. Red1 Be6 24. Qe2 Rfd8 25. Qc2 a4 26. Rxd8+ Qxd8 27. g4 Qe7 28.
Bg2 fxg4 29. hxg4 Bd5 30. Rd1 Qe6 31. Rxd5 Qxd5 32. Bxe4 Qc5 33. Bxh7 Ne7 34.
Be4 Qb5 35. Bg3 Qb3 36. Qe2 Rd8 37. Bc2 Qb5 38. Qf1 Kg8 39. Bb1 Qb3 40. Na5 Qd5
41. Bxc7 Rc8 42. e4 Qc5 43. Ba2+ Kf8 44. Bg3 Qxa5 45. Qd1 Be5 46. Qf3+ Ke8 47.
Be6 Bxg3 48. Qf7+ Kd8 49. Qf8+ Kc7 50. Qxe7+ Kb8 51. fxg3 Qe1+ 0-1

[Event "2. BUNDESLIGA MITTE 2014/2015"]
[Site "St. Veit"]
[Date "2015.03.01"]
[Round "8"]
[Board "3"]
[White "Hartl, Daniel"]
[Black "Hiermann, Dietmar"]
[Result "1/2-1/2"]
[WhiteElo "2265"]
[BlackElo "2290"]
[PlyCount "84"]
[EventDate "2014.10.03"]
[EventType "team"]
[EventRounds "11"]
[EventCountry "AUT"]
[WhiteTeam "SC MPOE Maria Saal II"]
[BlackTeam "Spg. Sauwald"]

1. d4 d5 2. c4 e6 3. Nf3 Nf6 4. g3 Bb4+ 5. Bd2 Be7 6. Bg2 O-O 7. O-O c6 8. Qc2
Nbd7 9. Bf4 b6 10. cxd5 cxd5 11. Nc3 Bb7 12. Nb5 Ne8 13. Rfc1 a6 14. Nc3 Rc8
15. Qd3 Nd6 16. Rc2 b5 17. Rac1 h6 18. a4 b4 19. Na2 Qb6 20. b3 a5 21. Rxc8
Rxc8 22. Rxc8+ Bxc8 23. Qc2 Ba6 24. Nc1 g5 25. Bxd6 Bxd6 26. e3 Qc7 27. Qxc7
Bxc7 28. Bf1 Bxf1 29. Kxf1 Kf8 30. h3 Ke7 31. Ke2 Nb8 32. Ne1 Nc6 33. f4 f6 34.
Nf3 Kf7 35. Nd3 Bb6 36. Kf2 Kg6 37. Ke2 gxf4 38. gxf4 Kf7 39. Kf2 Ne7 40. Nh4
Nc6 41. Nf3 Bc7 42. Kg3 Bd6 1/2-1/2

[Event "2. BUNDESLIGA MITTE 2014/2015"]
[Site "St. Veit"]
[Date "2015.03.01"]
[Round "8"]
[Board "4"]
[White "Testor, Sebastian"]
[Black "Vojinovic, Jovana"]
[Result "0-1"]
[WhiteElo "2286"]
[BlackElo "2281"]
[PlyCount "76"]
[EventDate "2014.10.03"]
[EventType "team"]
[EventRounds "11"]
[EventCountry "AUT"]
[WhiteTeam "Spg. Sauwald"]
[BlackTeam "SC MPOE Maria Saal II"]

1. Nf3 Nf6 2. c4 g6 3. Nc3 Bg7 4. e4 d6 5. d4 O-O 6. h3 e5 7. d5 Na6 8. Bg5 Qe8
9. g4 Nc5 10. Nd2 a5 11. Rg1 Kh8 12. Be3 Ng8 13. g5 f5 14. Bxc5 dxc5 15. h4
fxe4 16. Ncxe4 Rf4 17. Rh1 Ne7 18. Bd3 b6 19. h5 Bg4 20. Be2 gxh5 21. Ng3 Qg6
22. f3 Bd7 23. Rxh5 Nf5 24. Bd3 e4 25. Ndxe4 Re8 26. Kd2 Nxg3 27. Nxg3 Rd4 28.
Kc2 Rxc4+ 29. Kd2 Rd4 30. Kc2 Rxd3 31. Qxd3 Re2+ 32. Nxe2 Bf5 33. Qxf5 Qxf5+
34. Kd2 Qxd5+ 35. Ke3 Bd4+ 36. Kf4 Qe5+ 37. Kg4 Qxe2 38. Rah1 Qe6+ 0-1

[Event "2. BUNDESLIGA MITTE 2014/2015"]
[Site "St. Veit"]
[Date "2015.03.01"]
[Round "8"]
[Board "5"]
[White "Halvax, Georg"]
[Black "Hellmayr, Alois"]
[Result "1/2-1/2"]
[WhiteElo "2360"]
[BlackElo "2237"]
[PlyCount "59"]
[EventDate "2014.10.03"]
[EventType "team"]
[EventRounds "11"]
[EventCountry "AUT"]
[WhiteTeam "SC MPOE Maria Saal II"]
[BlackTeam "Spg. Sauwald"]

1. e4 c5 2. Nf3 a6 3. d3 Nc6 4. g3 g6 5. h4 h5 6. Bg2 Bg7 7. O-O d6 8. Nc3 Bg4
9. Nd5 e5 10. c3 Nge7 11. Bg5 O-O 12. Nf6+ Kh8 13. Qd2 Qc8 14. Nh2 Ng8 15.
Nhxg4 hxg4 16. Nxg8 Kxg8 17. Bh6 Kh7 18. Bxg7 Kxg7 19. f4 gxf3 20. Rxf3 Qe6 21.
Kh2 Rh8 22. Bh3 Qe7 23. Raf1 Raf8 24. Qg5 f6 25. Qg4 Rh6 26. Rf5 Kh7 27. R5f2
Kg7 28. Rf5 Kh7 29. R5f2 Kg7 30. Rf5 1/2-1/2

[Event "2. BUNDESLIGA MITTE 2014/2015"]
[Site "St. Veit"]
[Date "2015.03.01"]
[Round "8"]
[Board "6"]
[White "Taggatz, Mario"]
[Black "Rieger, Robert"]
[Result "0-1"]
[WhiteElo "2193"]
[BlackElo "2293"]
[PlyCount "68"]
[EventDate "2014.10.03"]
[EventType "team"]
[EventRounds "11"]
[EventCountry "AUT"]
[WhiteTeam "Spg. Sauwald"]
[BlackTeam "SC MPOE Maria Saal II"]

1. d4 d5 2. Bf4 Nf6 3. e3 c5 4. c3 Nc6 5. Nd2 Bf5 6. Ngf3 Qb6 7. Nh4 Bg4 8. Qb3
e6 9. h3 Bh5 10. g4 Bg6 11. Nxg6 hxg6 12. Be2 Be7 13. Kf1 Nd7 14. Kg2 f5 15.
Nf3 Kf7 16. c4 Qxb3 17. axb3 Bf6 18. g5 Be7 19. cxd5 exd5 20. Rad1 Ke6 21. dxc5
Nb4 22. Nd4+ Kf7 23. Nb5 Nxc5 24. Nc7 Rad8 25. Rxd5 Nxd5 26. Bc4 Bd6 27. Nxd5
Ke8 28. Nc7+ Kd7 29. Bxd6 Kxd6 30. Nb5+ Ke7 31. Nxa7 Ne4 32. Kf3 Rd2 33. Kf4
Rh4+ 34. Ke5 Nxg5 0-1

[Event "2. BUNDESLIGA MITTE 2014/2015"]
[Site "St. Veit"]
[Date "2015.03.01"]
[Round "8"]
[Board "1"]
[White "Krebs, Johann"]
[Black "Sandhoefner, Florian"]
[Result "1-0"]
[WhiteElo "2265"]
[BlackElo "2336"]
[PlyCount "51"]
[EventDate "2014.10.03"]
[EventType "team"]
[EventRounds "11"]
[EventCountry "AUT"]
[WhiteTeam "Strassenbahn Graz"]
[BlackTeam "ASK St. Valentin"]

1. d4 d5 2. c4 c6 3. Nf3 Nf6 4. Nc3 e6 5. Bg5 h6 6. Bh4 dxc4 7. e4 g5 8. Bg3 b5
9. Be2 a6 10. h4 Bb4 11. hxg5 Nxe4 12. Be5 f6 13. Qc2 Nxc3 14. bxc3 Bxc3+ 15.
Qxc3 fxe5 16. Nxe5 Qxg5 17. Bh5+ Kf8 18. Rh3 Nd7 19. Rf3+ Ke7 20. Rf7+ Kd6 21.
Rxd7+ Bxd7 22. Nf7+ Ke7 23. Nxg5 hxg5 24. Qa3+ Kd8 25. Be2 Kc7 26. Qg3+ 1-0

[Event "2. BUNDESLIGA MITTE 2014/2015"]
[Site "St. Veit"]
[Date "2015.03.01"]
[Round "8"]
[Board "2"]
[White "Kranzl, Peter"]
[Black "Pesorda, Ivan"]
[Result "0-1"]
[WhiteElo "2215"]
[BlackElo "2236"]
[PlyCount "66"]
[EventDate "2014.10.03"]
[EventType "team"]
[EventRounds "11"]
[EventCountry "AUT"]
[WhiteTeam "ASK St. Valentin"]
[BlackTeam "Strassenbahn Graz"]

1. e4 c5 2. c3 Nf6 3. e5 Nd5 4. g3 d6 5. exd6 Qxd6 6. Bg2 Nc6 7. Nf3 Bf5 8. d4
cxd4 9. Nxd4 Qe5+ 10. Qe2 Qxe2+ 11. Nxe2 O-O-O 12. Nf4 Nb6 13. O-O e5 14. Bh3
Bxh3 15. Nxh3 f5 16. Ng5 Re8 17. Rd1 Kc7 18. b3 h6 19. Nf3 g5 20. Na3 a6 21.
Nc2 Bg7 22. c4 e4 23. Nfd4 Rhf8 24. Rb1 Nd7 25. Bb2 Nde5 26. Nxc6 bxc6 27. Kg2
Rf7 28. Bxe5+ Bxe5 29. f3 Bc3 30. fxe4 Rxe4 31. Rf1 Re2+ 32. Rf2 Rxf2+ 33. Kxf2
Rd7 0-1

[Event "2. BUNDESLIGA MITTE 2014/2015"]
[Site "St. Veit"]
[Date "2015.03.01"]
[Round "8"]
[Board "3"]
[White "Steiner, Stefan"]
[Black "Theuretzbacher, Klaus"]
[Result "1-0"]
[WhiteElo "2269"]
[BlackElo "2240"]
[PlyCount "57"]
[EventDate "2014.10.03"]
[EventType "team"]
[EventRounds "11"]
[EventCountry "AUT"]
[WhiteTeam "Strassenbahn Graz"]
[BlackTeam "ASK St. Valentin"]

1. Nf3 c5 2. c4 Nf6 3. g3 b6 4. Bg2 Bb7 5. O-O e6 6. Nc3 d6 7. d4 cxd4 8. Qxd4
a6 9. Rd1 Be7 10. b3 Nbd7 11. e4 Qc7 12. Ba3 Nc5 13. Nd2 Rd8 14. Rac1 O-O 15.
h3 Rfe8 16. Bb2 Qb8 17. b4 Ncd7 18. a3 Bc6 19. Re1 Qa8 20. Nb3 Bb7 21. Kh2 Rc8
22. f4 Red8 23. a4 Nb8 24. Qxb6 Rxc4 25. Na5 Nfd7 26. Qxb7 Qxb7 27. Nxb7 Rxb4
28. Nxd8 Rxb2 29. Nd1 1-0

[Event "2. BUNDESLIGA MITTE 2014/2015"]
[Site "St. Veit"]
[Date "2015.03.01"]
[Round "8"]
[Board "4"]
[White "Tober, Gerhard"]
[Black "Teuschler, Barbara"]
[Result "1/2-1/2"]
[WhiteElo "2229"]
[BlackElo "2174"]
[PlyCount "59"]
[EventDate "2014.10.03"]
[EventType "team"]
[EventRounds "11"]
[EventCountry "AUT"]
[WhiteTeam "ASK St. Valentin"]
[BlackTeam "Strassenbahn Graz"]

1. d4 d5 2. c4 dxc4 3. e3 e5 4. Bxc4 exd4 5. Nf3 Bb4+ 6. Bd2 Bxd2+ 7. Qxd2 Nf6
8. exd4 O-O 9. O-O Nc6 10. d5 Ne7 11. Nc3 a6 12. a4 Qd6 13. Rfe1 Ng6 14. Ne4
Nxe4 15. Rxe4 Bf5 16. Rd4 Rfe8 17. Re1 Ne5 18. Nxe5 Rxe5 19. Rxe5 Qxe5 20. d6
cxd6 21. Rxd6 Re8 22. h3 g6 23. Qd4 Qxd4 24. Rxd4 Re1+ 25. Kh2 Be6 26. Bxe6
Rxe6 27. a5 b6 28. axb6 Rxb6 29. Rd2 Rb3 30. g3 1/2-1/2

[Event "2. BUNDESLIGA MITTE 2014/2015"]
[Site "St. Veit"]
[Date "2015.03.01"]
[Round "8"]
[Board "5"]
[White "Teuschler, Hugo"]
[Black "Heimberger, Reinhard"]
[Result "1-0"]
[WhiteElo "2043"]
[BlackElo "2254"]
[PlyCount "75"]
[EventDate "2014.10.03"]
[EventType "team"]
[EventRounds "11"]
[EventCountry "AUT"]
[WhiteTeam "Strassenbahn Graz"]
[BlackTeam "ASK St. Valentin"]

1. e4 c5 2. Nf3 d6 3. d4 cxd4 4. Nxd4 Nf6 5. Nc3 a6 6. Bg5 e6 7. f4 Be7 8. Qf3
Qc7 9. O-O-O b5 10. e5 Bb7 11. Qg3 dxe5 12. fxe5 Ne4 13. Nxe4 Bxe4 14. Bxe7
Qxe7 15. Qxg7 Qf8 16. Qg5 Nd7 17. Bxb5 axb5 18. Nxb5 Rc8 19. Nd6+ Qxd6 20. Rxd6
Rxc2+ 21. Kd1 Rxb2 22. Re1 Rxg2 23. Qe3 Bc2+ 24. Kc1 Bg6 25. Re2 Rxe2 26. Qxe2
Ke7 27. Qb5 Rc8+ 28. Kd1 Nc5 29. Rd2 Kf8 30. Qa5 Bd3 31. Qb6 Kg7 32. a4 Be4 33.
a5 Bf3+ 34. Ke1 Ne4 35. Qb2 Nxd2 36. Qxd2 Rc5 37. Qe3 Rxa5 38. Qg5+ 1-0

[Event "2. BUNDESLIGA MITTE 2014/2015"]
[Site "St. Veit"]
[Date "2015.03.01"]
[Round "8"]
[Board "6"]
[White "Nussbaumer, Johann"]
[Black "Kainz, Josef"]
[Result "1-0"]
[WhiteElo "2028"]
[BlackElo "1943"]
[PlyCount "63"]
[EventDate "2014.10.03"]
[EventType "team"]
[EventRounds "11"]
[EventCountry "AUT"]
[WhiteTeam "ASK St. Valentin"]
[BlackTeam "Strassenbahn Graz"]

1. d4 g6 2. c4 Bg7 3. Nf3 c5 4. d5 f5 5. g3 Qb6 6. Qc2 e5 7. Bg2 d6 8. O-O Na6
9. a3 Nf6 10. Nc3 O-O 11. Rd1 Nc7 12. Rb1 a5 13. b4 axb4 14. axb4 cxb4 15. Be3
Qa6 16. Rxb4 Ng4 17. Bb6 Ne8 18. h3 e4 19. Nd4 Nh6 20. Rdb1 Bd7 21. Ne6 Bxc3
22. Qxc3 Rf7 23. Be3 f4 24. Bxf4 Nf5 25. Bxe4 Qa3 26. Qxa3 Rxa3 27. Rxb7 Ra8
28. Rb8 Ra7 29. Bxf5 Rxf5 30. Bxd6 Kf7 31. Bc5 Nf6 32. Rf8# 1-0

[Event "2. BUNDESLIGA MITTE 2014/2015"]
[Site "St. Veit"]
[Date "2015.03.01"]
[Round "8"]
[Board "1"]
[White "Horvath, Adam"]
[Black "Burlacu, Bogdan"]
[Result "1-0"]
[WhiteElo "2530"]
[BlackElo "2309"]
[PlyCount "63"]
[EventDate "2014.10.03"]
[EventType "team"]
[EventRounds "11"]
[EventCountry "AUT"]
[WhiteTeam "RbEJ Gleisdorf"]
[BlackTeam "Union Hartkirchen - Sektion Schach"]

1. e4 c5 2. Nf3 d6 3. d4 cxd4 4. Nxd4 Nf6 5. Nc3 a6 6. h3 e6 7. g4 d5 8. exd5
Nxd5 9. Nde2 Bb4 10. Bg2 Nc6 11. O-O Nxc3 12. Nxc3 O-O 13. Qxd8 Rxd8 14. Na4 e5
15. c3 Bf8 16. Nb6 Rb8 17. Nxc8 Rbxc8 18. Be3 Rd6 19. Rfd1 Rcd8 20. Rxd6 Rxd6
21. a4 Be7 22. Bc5 Rd7 23. Bxe7 Nxe7 24. Ra3 Nc8 25. Rb3 Nd6 26. Bd5 Kf8 27. a5
Rc7 28. Rb6 Ke7 29. b4 h6 30. c4 Nxc4 31. Rxb7 Rxb7 32. Bxb7 1-0

[Event "2. BUNDESLIGA MITTE 2014/2015"]
[Site "St. Veit"]
[Date "2015.03.01"]
[Round "8"]
[Board "2"]
[White "Jurek, Josef"]
[Black "Horvath, Tamas"]
[Result "1/2-1/2"]
[WhiteElo "2308"]
[BlackElo "2354"]
[PlyCount "78"]
[EventDate "2014.10.03"]
[EventType "team"]
[EventRounds "11"]
[EventCountry "AUT"]
[WhiteTeam "Union Hartkirchen - Sektion Schach"]
[BlackTeam "RbEJ Gleisdorf"]

1. Nf3 c5 2. c4 Nf6 3. g3 b6 4. Bg2 Bb7 5. O-O g6 6. Nc3 Bg7 7. d4 cxd4 8. Qxd4
d6 9. Rd1 Nbd7 10. Be3 Rc8 11. b3 a6 12. Rac1 O-O 13. Qh4 Rc7 14. Bh3 Qb8 15.
Bg5 e6 16. Bh6 Bxh6 17. Qxh6 Bxf3 18. exf3 Rc5 19. Qf4 Rc6 20. Bg2 b5 21. cxb5
axb5 22. Qb4 Rfc8 23. f4 Rc5 24. Ne2 Qb6 25. h3 Nb8 26. Rxc5 dxc5 27. Qc3 Nbd7
28. a4 bxa4 29. bxa4 Qa6 30. Qc2 Nb6 31. Nc3 c4 32. Rd6 Qa5 33. Qb2 Nbd5 34.
Bxd5 Nxd5 35. Qb7 Qa8 36. Qxa8 Rxa8 37. Nxd5 exd5 38. Rxd5 Rxa4 39. Rc5 Kf8
 1/2-1/2

[Event "2. BUNDESLIGA MITTE 2014/2015"]
[Site "St. Veit"]
[Date "2015.03.01"]
[Round "8"]
[Board "3"]
[White "Wegerer, Fred"]
[Black "Konrad, Edmund"]
[Result "1/2-1/2"]
[WhiteElo "2157"]
[BlackElo "2187"]
[PlyCount "83"]
[EventDate "2014.10.03"]
[EventType "team"]
[EventRounds "11"]
[EventCountry "AUT"]
[WhiteTeam "RbEJ Gleisdorf"]
[BlackTeam "Union Hartkirchen - Sektion Schach"]

1. Nf3 d5 2. e3 Nf6 3. b3 Bg4 4. h3 Bxf3 5. Qxf3 e5 6. Bb2 Nbd7 7. Qe2 Bd6 8.
d3 O-O 9. Nd2 c6 10. g4 Qe7 11. Bg2 Ba3 12. Bxa3 Qxa3 13. O-O Qd6 14. a4 Ne8
15. a5 Nc7 16. c4 Na6 17. cxd5 cxd5 18. d4 exd4 19. exd4 Nb4 20. Ra4 Nb8 21.
Nf3 N8c6 22. Qd2 f6 23. Rc1 Na6 24. Ne1 Ncb4 25. Nd3 Nxd3 26. Qxd3 Rac8 27. Rc3
Rfe8 28. Ra1 Nb4 29. Qd2 Rxc3 30. Qxc3 Nc6 31. a6 b6 32. Rc1 Rc8 33. Qf3 Ne7
34. Rxc8+ Nxc8 35. Qxd5+ Qxd5 36. Bxd5+ Kf8 37. f4 Nd6 38. Kf2 h5 39. Ke3 hxg4
40. hxg4 Ke7 41. Bc6 Ke6 42. f5+ 1/2-1/2